Регионална библиотека "Любен Каравелов" - Русе

Речи (Запис номер 431864)

MARC детайли
000 -Лидер
Контролно поле с фиксирана дължина 01173nam a2200301 c 4500
003 - Код на организацията, давaща контролен номер
Контролно поле BLK
005 - Дата и час на последна редакция
Контролно поле 20210915103828.0
008 - Елементи от данни с фиксирана дължина
fixed length control field 200316b bul|||||r ||||||| ||bul||
010 ## - Наследен системен номер
LC control number KNG00175827RET
040 ## - Източник на каталожния запис
Идентификатор на билиотеката - собственик на записа BLK
041 ## - Код за език
Код за езика на текст/звукозапис или на отделно заглавие Български
Код за езика КДБФ Български
080 ## - УДК
Текстов определител УДК История на България
УДК код - определител по УДК 94(497.2)
УДК - код + определител 94(497.2)
080 ## - УДК
Текстов определител УДК Български държавник 1853-1901
УДК код - определител по УДК 929 Стоилов, Константин Стоилов
УДК - код + определител 929 Стоилов, Константин Стоилов
139 ## - Редно поле
Редна дума Стоилов, Константин Стоилов
245 10 - Сведения за заглавието
Заглавие Речи
Подзаглавни данни Сборник
Редно поле (дума) Константин Стоилов.
257 ## - Страна на издаване
Страна на създаване/издаване България
260 ## - Област на издателските данни
Място на издаване, разпространение и проч. София
Име на издателя, разпространителя и проч. Христо К. Стоилов и Борис К. Стоилов
Година на издаване 1939 (библиогр. каре 1938)
Печатница София : печ. Стоп. развитие, 1939
9 (RLIN) 464500
300 ## - Физическа характеристика
Страници XXI, 400 с., 1 л. портр.
Размери/Мащаб 25 см
380 ## - Жанр
Жанр История
500 ## - Общи забележки
Забележка 2000 тир. (Цена в кумул.) : 150 лв.
650 #0 - Допълнително описание по предмет – тема
9 (RLIN) 396831
Основно описание – тема или топоним История
653 #7 - Ключова дума – ненормативна
Ключова дума държавници
9 (RLIN) 185692
653 #7 - Ключова дума – ненормативна
Ключова дума Константин Стоилов
9 (RLIN) 189061
852 ## - Местоположение
Форматна сигнатура Цб 9.225.1143
999 ## - СИСТЕМНИ КОНТРОЛНИ НОМЕРА
Koha biblionumber 431864
Koha biblioitemnumber 431864
942 ## - АРТИКУЛИ
Вид на библиотечния материал Книги
Скрит в OPAC Не
Източник на класификационната схема Universal Decimal Classification
Периодичен библиозапис Да
944 ## - СЪЗДАВАНЕ И РЕДАКЦИЯ на ЗАПИСА
Създаване/Редакция Създаване
Дата на регистрацията/редакция 2021-09-15
Служител, извършил регистрацията/редакцията В. Т.
Наличности
Код за отписване Код за изгубен артикул Източник на класификационната схема Код за повреда Коз за рестрикции Код за отдаване Артикулен № Име на библиотеката - собственик Име на библиотеката, в която се намира в момента Статус (Текущо местоположение) Дата на вписване в системата Местоположение - отдел Цена в лева Инвентарен номер Систематично азбучна сигнатура Баркод Цена в евро Служебен тип на артикула
  Не е изгубен Universal Decimal Classification Не е повреден само за читалня ползва се в читалня 852486 Регионална библиотека "Любен Каравелов" Русе Регионална библиотека "Любен Каравелов" Русе Хранилище 2021-09-16 Основен фонд - ползва се само за читалня 0.34 1143 Цб 9.225.1143 900000078217 0.17 Книги
Vip Innovations Ltd, Rousse, Bulgaria 2025